Управление и оценка стоимости земельных ресурсов (Запись № 10730067)

Подробности
000 -МАРКЕР
контрольное поле 01894nam0a2200385 i 4500
001 - ИДЕНТИФИКАТОР ЗАПИСИ
контрольное поле RU\NLR\BIBL_A\010347270
005 - ИДЕНТИФИКАТОР ВЕРСИИ
контрольное поле 20240921164254.0
010 ## - МЕЖДУНАРОДНЫЙ СТАНДАРТНЫЙ НОМЕР КНИГИ (ISBN)
Номер (ISBN) 9785928209643
Тираж 100
021 ## - НОМЕР ГОСУДАРСТВЕННОЙ РЕГИСТРАЦИИ
Код страны Российская Федерация
Номер 2014-13632
Номер Листа государственной регистраци 879
035 ## - ДРУГИЕ СИСТЕМНЫЕ НОМЕРА
Идентификатор записи (NILC)RuMoRGB-006752584
035 ## - ДРУГИЕ СИСТЕМНЫЕ НОМЕРА
Идентификатор записи (NLR Aleph) 010347270
100 ## - ДАННЫЕ ОБЩЕЙ ОБРАБОТКИ
Данные общей обработки 20140424d2013 km y0rusy50 ca
101 0# - ЯЗЫК РЕСУРСА
Язык текста, звукозаписи и т.д. русский
102 ## - СТРАНА ПУБЛИКАЦИИ ИЛИ ПРОИЗВОДСТВА
Страна публикации Российская Федерация
105 ## - ПОЛЕ КОДИРОВАННЫХ ДАННЫХ: ТЕКСТОВЫЕ МАТЕРИАЛЫ, МОНОГРАФИЧЕСКИЕ
Кодированные данные о монографическом текстовом документе a|||z||||00yy
200 1# - ЗАГЛАВИЕ И СВЕДЕНИЯ ОБ ОТВЕТСТВЕННОСТИ
Основное заглавие Управление и оценка стоимости земельных ресурсов
Первые сведения об ответственности Т. В. Учинина
Последующие сведения об ответственности М-во образования и науки Российской Федерации, Федеральное гос. бюджетное образовательное учреждение высш. проф. образования "Пензенский гос. ун-т архитектуры и строительства" (ПГУАС)
210 ## - ПУБЛИКАЦИЯ, РАСПРОСТРАНЕНИЕ И ДР.
Место издания, распространения и т.д. Пенза
Имя издателя, распространителя и т. д. Изд-во ПГУАС
Дата издания, распространения и т.д. 2013
215 ## - ФИЗИЧЕСКАЯ ХАРАКТЕРИСТИКА
Специфическое обозначение материала и объем 171 с.
Другие сведения о физической характеристике ил.
Размеры 21
320 ## - ПРИМЕЧАНИЯ О НАЛИЧИИ В ДОКУМЕНТЕ БИБЛИОГРАФИИ / УКАЗАТЕЛЯ
Текст примечания Библиогр.: с. 166-171 (71 назв.)
606 1# - НАИМЕНОВАНИЕ ТЕМЫ КАК ПРЕДМЕТ
Наименование темы Земельные ресурсы
Тематический подзаголовок Управление
Географический подзаголовок Пензенская область
Системный номер авторитетной/нормативной записи 2216090
Идентификатор авторитетной/нормативной записи RU\NLR\AUTH\6601564488
606 1# - НАИМЕНОВАНИЕ ТЕМЫ КАК ПРЕДМЕТ
Наименование темы Земельные ресурсы
Тематический подзаголовок Оценка
Географический подзаголовок Российская Федерация
Системный номер авторитетной/нормативной записи 2220625
Идентификатор авторитетной/нормативной записи RU\NLR\AUTH\661333450
606 1# - НАИМЕНОВАНИЕ ТЕМЫ КАК ПРЕДМЕТ
Наименование темы Недвижимое имущество
Тематический подзаголовок Кадастры
Географический подзаголовок Российская Федерация
Системный номер авторитетной/нормативной записи 2501121
Идентификатор авторитетной/нормативной записи RU\NLR\AUTH\661483409
675 ## - УНИВЕРСАЛЬНАЯ ДЕСЯТИЧНАЯ КЛАССИФИКАЦИЯ (UDC/УДК)
Индекс 332.6
686 1# - ИНДЕКСЫ ДРУГИХ КЛАССИФИКАЦИЙ
Индекс У32(2)-51-21(2Р-4П)
686 1# - ИНДЕКСЫ ДРУГИХ КЛАССИФИКАЦИЙ
Индекс У32(2)-51(2Р)
686 1# - ИНДЕКСЫ ДРУГИХ КЛАССИФИКАЦИЙ
Индекс Х625.511
700 #1 - ИМЯ ЛИЦА - ПЕРВИЧНАЯ ОТВЕТСТВЕННОСТЬ
Начальный элемент ввода Учинина
Часть имени, кроме начального элемента ввода Т. В.
Расширение инициалов личного имени Татьяна Владимировна
801 #0 - ИСТОЧНИК ЗАПИСИ
Страна Российская Федерация
Организация RuMoRKP
Дата составления 20140303
Правила каталогизации RCR
801 #2 - ИСТОЧНИК ЗАПИСИ
Страна Российская Федерация
Организация РГБ
Дата составления 20140318
Правила каталогизации rcr
801 #1 - ИСТОЧНИК ЗАПИСИ
Страна Российская Федерация
Организация RuMoRKP
Дата составления 20140303
Источник данных rusmarc
942 ## - ДОПОЛНИТЕЛЬНЫЕ ЭЛЕМЕНТЫ ЗАПИСИ (АБИС)
Тип экземпляра АБИС Книга
980 ## - КОЛЛЕКЦИЯ
Название коллекции НБР

Нет доступных экземпляров.